Judicial misconduct

Bibliographic Details
Main Author: Williams, Peter Alderidge (Author)
Format: Book
Language:English
Published: Petaling Jaya : Pelanduk Publications 1990
Subjects:

MARC

LEADER 00000cam a2200000 7i4500
001 0000002250
005 20240925.0
008 991128 my a eng
020 |a 9679783219 
040 |a INS   |b eng   |e rda 
090 0 0 |a KPG342   |b .W55 1990 
100 1 |a Williams, Peter Alderidge ,   |e author 
245 1 0 |a Judicial misconduct   |c Peter Alderidge Williams 
264 1 |a Petaling Jaya :   |b Pelanduk Publications   |c 1990 
264 4 |c ©1990 
300 |a xii, 272 pages :   |b illustrations ;   |c 22 cm. 
336 |a text  |2 rdacontent 
337 |a unmediated  |2 rdamedia 
338 |a volume  |2 rdacarrier 
500 |a Includes index 
650 0 |a Disqualification on judges   |z Malaysia 
650 0 |a Judicial ethics   |z Malaysia 
650 0 |a Political questions and judicial power 
999 |a 0000003822   |b BOOK   |c Open Shelf   |e Default branch 
999 |a 0000003823   |b BOOK   |c Open Shelf   |e Default branch